000 00641nam a2200205Ii 4500
003 JO-AjNU
008 230605s9999||||xx |||||||||||||| ||und||
040 _aJO-AjNU
_bara
_erda
_cJO-AjNU
041 _aara
050 1 4 _aBP161.2.T3 2001
100 3 _aالطنطاوي، علي,
_eauthor
_941030
245 0 0 _aتعريف عام بدين الإسلام
250 _aط5
264 3 1 _aجدة: دار المنارة للنشر والتوزيع، 2001
300 _a248ص
336 _atext
_btxt
_2rdacontent
337 _aunmediated
_bn
_2rdamedia
338 _avolume
_bnc
_2rdacarrier
650 4 _aالاسلام- متفرقات
_941031
999 _aA17460
_c21028
_d21028